000 00302nam a2200121Ia 4500
008 190216s9999||||xx |||||||||||||| ||und||
100 _aRomesh Dutt
245 0 _aEconomic History Of India
260 _bPublications Division Govt. Of India
_c1989
300 _a294 p
650 _aEconomics
942 _cBK
999 _c9240
_d9240